| 000 | 00653nam a2200241Ia 4500 | ||
|---|---|---|---|
| 003 | OSt | ||
| 005 | 20220927105209.0 | ||
| 006 | a|||||r|||| 00| 0 | ||
| 007 | ta | ||
| 008 | 220926b |||||||| |||| 00| 0 eng d | ||
| 024 | _a159543 | ||
| 037 | _cReference Collections | ||
| 040 |
_aRTL _cRTL _beng |
||
| 041 |
_2eng _aeng |
||
| 082 | _a"X71.231.N53, J3" | ||
| 110 |
_aBOMBAY _9357243 |
||
| 245 | 0 | _aBudget estimates 1953-54 | |
| 260 |
_aBombay _bGovt. Central Press _c1953 |
||
| 300 |
_a880p _ccm. |
||
| 700 |
_aBOMBAY _9357245 |
||
| 942 |
_h"X71.231.N53, J3" _cCC |
||
| 999 |
_c691113 _d691113 |
||